| 000 | 00749nam a22002177a 4500 | ||
|---|---|---|---|
| 999 |
_c10897 _d10897 |
||
| 003 | AR-CdUCM | ||
| 008 | 190402b ||||| |||| 00| 0 spa d | ||
| 040 |
_aMUNICIPALIDAD PROVINCIAL DEL CUSCO _cBIBLIOTECA MUNICIPAL DEL CUSCO |
||
| 082 |
_aEP / 372.460 / _bZ37 |
||
| 100 |
_aZapata Santillana, Everardo _927530 |
||
| 245 |
_aVamos a escribir : _bPrimer grado / |
||
| 260 |
_aPerú : _bEditorial Santillana, _c1996. |
||
| 300 |
_a128 páginas ; _bIlustraciones, _c27 cm. |
||
| 440 |
_aEdiciones coquito _927944 |
||
| 505 | _aContenido: Libro de trabajo primer grado de primaria.l | ||
| 650 |
_aLibro de trabajo _927626 |
||
| 650 |
_aPrimero de primaria _927962 |
||
| 650 |
_aLibro de aprestamiento _927945 |
||
| 942 |
_2ddc _cLIBROS |
||
| 945 | _adavv | ||